Malaysia 1994 : annual report on government, economy, the business environment and industry, with forecasts through and - 1995.
| Format: | Book |
|---|---|
| Published: |
London:
Business Monitor International,
1994.
|
| Subjects: |
| LEADER | 00510cam a2200145 7i4500 | ||
|---|---|---|---|
| 001 | 0000003050 | ||
| 005 | 19991025090000.0 | ||
| 002 | ##000004377 | ||
| 090 | 0 | 0 | |a C 959.5 |b MAL |
| 245 | 0 | 0 | |a Malaysia 1994 : annual report on government, economy, the business environment and industry, with forecasts through and - 1995. |
| 260 | 0 | 0 | |a London: |b Business Monitor International, |c 1994. |
| 300 | 0 | 0 | |a 115 p.. |
| 650 | 0 | 0 | |a Economic conditions |
| 651 | 0 | 0 | |a Malaysia |
| 999 | |a 0000004568 |b Directories |c Open shelf |e Business Information Centre | ||